<?xml version="1.0" encoding="UTF-8"?><?xml-stylesheet type="text/xsl" href="static/style.xsl"?><OAI-PMH xmlns="http://www.openarchives.org/OAI/2.0/" xmlns:xsi="http://www.w3.org/2001/XMLSchema-instance" xsi:schemaLocation="http://www.openarchives.org/OAI/2.0/ http://www.openarchives.org/OAI/2.0/OAI-PMH.xsd"><responseDate>2026-04-13T06:37:29Z</responseDate><request verb="GetRecord" identifier="oai:www.recercat.cat:20.500.14342/4940" metadataPrefix="marc">https://recercat.cat/oai/request</request><GetRecord><record><header><identifier>oai:recercat.cat:20.500.14342/4940</identifier><datestamp>2025-05-27T18:54:57Z</datestamp><setSpec>com_2072_482405</setSpec><setSpec>com_2072_183628</setSpec><setSpec>col_2072_482409</setSpec></header><metadata><record xmlns="http://www.loc.gov/MARC21/slim" xmlns:dcterms="http://purl.org/dc/terms/" xmlns:xsi="http://www.w3.org/2001/XMLSchema-instance" xmlns:doc="http://www.lyncode.com/xoai" xsi:schemaLocation="http://www.loc.gov/MARC21/slim http://www.loc.gov/standards/marcxml/schema/MARC21slim.xsd">
   <leader>00925njm 22002777a 4500</leader>
   <datafield ind2=" " ind1=" " tag="042">
      <subfield code="a">dc</subfield>
   </datafield>
   <datafield ind2=" " ind1=" " tag="720">
      <subfield code="a">Turrillas, Maitane</subfield>
      <subfield code="e">author</subfield>
   </datafield>
   <datafield ind2=" " ind1=" " tag="720">
      <subfield code="a">Sitjà-Rabert, Mercè</subfield>
      <subfield code="e">author</subfield>
   </datafield>
   <datafield ind2=" " ind1=" " tag="720">
      <subfield code="a">Pardo, Hector</subfield>
      <subfield code="e">author</subfield>
   </datafield>
   <datafield ind2=" " ind1=" " tag="720">
      <subfield code="a">Vilaro, Jordi</subfield>
      <subfield code="e">author</subfield>
   </datafield>
   <datafield ind2=" " ind1=" " tag="720">
      <subfield code="a">Fort-Vanmeerhaeghe, Azahara</subfield>
      <subfield code="e">author</subfield>
   </datafield>
   <datafield ind2=" " ind1=" " tag="720">
      <subfield code="a">Morral, Antoni</subfield>
      <subfield code="e">author</subfield>
   </datafield>
   <datafield ind2=" " ind1=" " tag="720">
      <subfield code="a">Cebrià i Iranzo, Maria Àngels</subfield>
      <subfield code="e">author</subfield>
   </datafield>
   <datafield ind2=" " ind1=" " tag="720">
      <subfield code="a">Bonfill Cosp, Xavier</subfield>
      <subfield code="e">author</subfield>
   </datafield>
   <datafield ind2=" " ind1=" " tag="260">
      <subfield code="c">2017-02</subfield>
   </datafield>
   <datafield ind2=" " ind1=" " tag="520">
      <subfield code="a">Rationale and objectives&#xd;
The quantity and quality of research in physiotherapy has increased exponentially during the past decades. However, retrieving publications associated with this field of research is difficult. The aim of this study is to identify and describe controlled clinical trials (CCT) published in Spanish physiotherapy journals using electronic and handsearching strategies.&#xd;
&#xd;
Method&#xd;
Observational study through which we identified eligible journals in order to retrieve CCTs using electronic and handsearching strategies, as proposed by the Cochrane Collaboration. A descriptive analysis of the main characteristics of these CCTs was completed.&#xd;
&#xd;
Results&#xd;
Seventy-eight CCTs were identified in 10 eligible journals, none of which were indexed in the major databases. 16.7% of the identified studies were multicentric. Traumatology and orthopaedics was the most studied field (33.3%) followed by neurology (15.4%). The most researched health problems were back pain (17.24%) fibromyalgia, arthrosis and stroke (6.8% each). Measured outcomes varied greatly, including pain control, functional mobility and quality of life. Most CCTs (64.1%) had a high risk of bias.&#xd;
&#xd;
Conclusions&#xd;
The number of CCTs published in Spanish physiotherapy journals is limited. Handsearching these journals is essential, since none is indexed in major databases. In general, the identified CCTs carry a high risk of bias.</subfield>
   </datafield>
   <datafield ind1="8" ind2=" " tag="024">
      <subfield code="a">http://hdl.handle.net/20.500.14342/4940</subfield>
   </datafield>
   <datafield ind1="8" ind2=" " tag="024">
      <subfield code="a">https://doi.org/10.1111/jep.12441</subfield>
   </datafield>
   <datafield tag="653" ind2=" " ind1=" ">
      <subfield code="a">Medicina basada en l'evidència</subfield>
   </datafield>
   <datafield tag="653" ind2=" " ind1=" ">
      <subfield code="a">Medicina -- Investigació</subfield>
   </datafield>
   <datafield tag="653" ind2=" " ind1=" ">
      <subfield code="a">Ressenyes sistemàtiques (Investigació mèdica)</subfield>
   </datafield>
   <datafield ind2="0" ind1="0" tag="245">
      <subfield code="a">Identification and description of controlled clinical trials published in physiotherapy journals in Spain</subfield>
   </datafield>
</record></metadata></record></GetRecord></OAI-PMH>